000 00404nam a2200133Ia 4500
008 171212s9999 xx 000 0 und d
020 _a9780874212488
100 _aWilliams, Lisa
245 _cWilliams, Lisa
_aHammered Dulcimer
260 _bUniversity Press of Colorado
_c1998
440 _aSwenson Poetry Award
650 _aLanguage & Literature
856 _uwww.jstor.org/stable/10.2307/j.ctt46nrxb
999 _c353078
_d353078